000 00323nam a2200157Ia 4500
008 220923s9999 xx 000 0 und d
020 _a9789350353752
082 _bKHA
100 _aKHANNA, RITA
245 0 _aMUSLIM LAW
250 _a1ST
260 _c2013
300 _a171
650 _aMuslim Law
942 _cBK
999 _c195649
_d195649